000 00673nam a2200217 a 4500
001 22591
003 CO-ViMGA
008 141112s2004 ck r 000 u spa d
040 _aCO-ViMGA
_bspa
_cCO-ViMGA
082 0 4 _aPESn
100 1 _aPescetti, Luis María
_932129
245 1 0 _aNatacha
260 _aBogotá :
_bAlfaguara,
_c2004
300 _a112
490 _aAlfaguara Infantil
590 _aForma de adquisición : Compra - - Precio : 19900 - - Proveedor : Dismet - - Fecha de adquisición : 2008
650 1 4 _aCARTAS DE AMOR - NOVELA INFANTIL
_932130
650 1 4 _aHUMORISMO - NOVELA INFANTIL
_932131
650 1 4 _aNOVELA INFANTIL ARGENTINA
942 _2ddc
_cBK
999 _c30892
_d30892